UBT Library

Vincent van Gogh : (Record no. 1044)

000 -LEADER
fixed length control field 00576nam a22001937a 4500
008 - FIXED-LENGTH DATA ELEMENTS--GENERAL INFORMATION
fixed length control field 150612b xxu||||| |||| 00| 0 eng d
020 ## - INTERNATIONAL STANDARD BOOK NUMBER
International Standard Book Number 3822803960 (Leineneinband)
020 ## - INTERNATIONAL STANDARD BOOK NUMBER
International Standard Book Number 3822891290 (Ledereinband)
041 0# - LANGUAGE CODE
Language code of text/sound track or separate title eng
080 ## - UNIVERSAL DECIMAL CLASSIFICATION NUMBER
Universal Decimal Classification number 79.071
100 ## - Rafti
Rafti Walther, Ingo F.
245 00 - TITLE STATEMENT
Title Vincent van Gogh :
Statement of responsibility, etc Ingo F. Walther, Rainer Metzger.
260 ## -
-- Köln :
-- B. Taschen,
-- c1994.
300 ## -
-- 95 f. :
-- me il. :
-- 37 cm.
650 #0 -
-- Impressionism (Art)
650 #0 -
-- Impresionizëm (Art)
700 1# -
-- Metzger, Rainer
942 ## - ADDED ENTRY ELEMENTS (KOHA)
Source of classification or shelving scheme
Item type Books
Holdings
Withdrawn status Lost status Source of classification or shelving scheme Damaged status Not for loan Collection code Permanent location Current location Shelving location Date acquired Total Checkouts Full call number Barcode Date last seen Price effective from Koha item type
          Koleksioni i përgjithshem UBT - Lipjan UBT - Lipjan Koleksioni i përgjithshem 06/12/2015   79.071 VIN 3822803960 06/12/2015 06/12/2015 Books
UBT Library © 2015-2024. All rights reserved University Education for Business and Technology